| 000 | 00707nam a2200241 i 4500 | ||
|---|---|---|---|
| 001 | 000028790 | ||
| 003 | DO-SdBNP | ||
| 005 | 20240618151939.0 | ||
| 007 | ta | ||
| 008 | 110412s1999 dr 000 0 spa d | ||
| 040 |
_aDO-SdBNP _bspa _cBNPHU _erda |
||
| 082 |
_bM754r _222 |
||
| 245 | 0 | 0 |
_aMonseñor Roque adames. / _ceditor Rafael Bello Peguero. |
| 264 | 1 |
_aSanto Domingo ; _bAmigo del Hogar, _c1999. |
|
| 300 |
_a35 páginas _c21 cm. |
||
| 336 |
_2rdacontent _atexto _btxt |
||
| 337 |
_2rdamedia _asin mediación _bn |
||
| 338 |
_2rdacarrier _avolumenen _bn |
||
| 590 | _aInventariado, 2024/ YL | ||
| 700 | 1 |
_aBello Peguero, Rafael, _d1932-2022 _eeditor _92405 |
|
| 910 | _aYLockward | ||
| 942 |
_2ddc _cLF2 |
||
| 999 |
_c28282 _d28282 |
||